000 00384 a2200157 4500
001 158375
020 _a
040 _cMagnum
100 _aCouper, Heather
240 1 0 _aBuracos negros: uma viagem ao centro de um buraco negro
_lpor
245 1 0 _aBuracos negros: uma viagem ao centro de um buraco negro
362 0 _a1899
440 1 _aModerna
697 _aATLAS
942 _cBK
999 _c158375
_d158375